• 首页
  • 本馆介绍
  • 公告通知
  • 最新文献
  • 馆藏检索
  • 电子资源
  • 读者导购
  • 参考咨询
  • 我的图书馆
  • 登录
  • 详细信息显示
  • 放入我的书架
  • 预约/预借图书
  • 作者相关作品
  • 分类相关作品
  • 丛书相关作品
  • 出版社相关作品

书目信息

  • 表格格式
  • 工作单格式
  • 卡片格式
题名:
世界民族问题初探
    
 
作者: ;世界民族研究会 编
分册:  
出版信息: 北京   中国社会科学出版社  1981
页数: 280页
开本: 19cm
丛书名:
单 册:
中图分类: D562
科图分类:
主题词: 民族问题--研究--世界
电子资源:
ISBN:
000 00649nam0 2200229 45
001 0181002720
005 20060816180333.18
010    @dCNY0.93
091    @a3190.023
100    @a19950605d1981 emky0chiy0121 ea
101 0  @achi
102    @aCN@b110000
105    @ay z 000yy
200 10 @a世界民族问题初探@Ashi jie min zu wen ti chu tan@f世界民族研究会编
210    @a北京@c中国社会科学出版社@d1981
215    @a280页@d19cm
606    @a民族问题@x研究@y世界
690    @aD562@v3
711 02 @a世界民族研究会@Ashi jie min zu yan jiu hui@4编
801  2 @aCN@bNLC@c20060816
801  0 @aCN@b上海图书馆@c20040421
905    @f1@b68360@dD562@e11
    
    世界民族问题初探/世界民族研究会编.-北京:中国社会科学出版社,1981
    280页;19cm
    
    
    ISBN :CNY0.93
    
●
相关链接 在E读中查询图书 在五车中查询图书 在当当中查询图书 在豆瓣中查询图书


正题名:世界民族问题初探     索取号:D562/11         预约/预借

序号 登录号 条形码 馆藏地/架位号 状态 备注
1 0068359   001798022   密集书库/ [索取号:D562/11] 在馆    
2 0068360   000482310   第一借阅区/ [索取号:D562/11] 在馆    
3 0068361   001798004   第一样本阅览室/ [索取号:D562/11] 在馆    
4 0465175   204651750   密集书库/ [索取号:D562/11] 在馆    
唐山师范学院图书馆 欢迎您!
大连网信软件有限公司© 版权所有